000
00310nam a2200109Ia 4500
008
160531s9999 xx 000 0 und d
100
_a
Biswas, Soham.
245
_a
Novel Dynamical Phenomena In Magnetic Systems
245
_c
by Soham Biswas
260
_c
2016
856
_u
http://arxiv.org/pdf/1603.01646v1.pdf
999
_c
295284
_d
295284